Jos journal of medicine (Record no. 38343)

MARC details
000 -LEADER
fixed length control field 00514nam a2200169Ia 4500
022 ## - INTERNATIONAL STANDARD SERIAL NUMBER
ISSN 20060734
050 ## - CALL MARK
Classification number R 11 .J67/
245 #0 - TITLE STATEMENT
Title Jos journal of medicine
260 ## - PUBLICATION, DISTRIBUTION, ETC. (IMPRINT)
Place of publication Jos, Nigeria
260 ## - PUBLICATION, DISTRIBUTION, ETC. (IMPRINT)
Name of publisher Association of resident doctors
260 ## - PUBLICATION, DISTRIBUTION, ETC. (IMPRINT)
Year of publication 2017
300 ## - PHYSICAL DESCRIPTION
Number of Pages vii, 76 p. :ill. ; 29 cm.
650 ## - SUBJECT ADDED ENTRY--TOPICAL TERM
Topical Term Science--Periodicals. Medicine--Periodicals. Science--Nigeria--Periodicals. Medicine--Nigeria--Periodicals.
942 ## - ADDED ENTRY ELEMENTS (KOHA)
Koha item type Serials

No items available.